Climate Change Adaptation, Resilience and Hazards

This book analyses the links between climate change adaptation, resilience and the impacts of hazards. The contributors cover topics such as climate change adaptation in coastal zones, the evaluation of community land models, climate change considerations in public health and water resource manageme...

Πλήρης περιγραφή

Λεπτομέρειες βιβλιογραφικής εγγραφής
Συγγραφή απο Οργανισμό/Αρχή: SpringerLink (Online service)
Άλλοι συγγραφείς: Leal Filho, Walter (Επιμελητής έκδοσης), Musa, Haruna (Επιμελητής έκδοσης), Cavan, Gina (Επιμελητής έκδοσης), O'Hare, Paul (Επιμελητής έκδοσης), Seixas, Julia (Επιμελητής έκδοσης)
Μορφή: Ηλεκτρονική πηγή Ηλ. βιβλίο
Γλώσσα:English
Έκδοση: Cham : Springer International Publishing : Imprint: Springer, 2016.
Σειρά:Climate Change Management,
Θέματα:
Διαθέσιμο Online:Full Text via HEAL-Link
LEADER 02706nam a22005415i 4500
001 978-3-319-39880-8
003 DE-He213
005 20160729082925.0
007 cr nn 008mamaa
008 160728s2016 gw | s |||| 0|eng d
020 |a 9783319398808  |9 978-3-319-39880-8 
024 7 |a 10.1007/978-3-319-39880-8  |2 doi 
040 |d GrThAP 
050 4 |a HC79.E5 
072 7 |a KCN  |2 bicssc 
072 7 |a BUS069000  |2 bisacsh 
082 0 4 |a 333.7  |2 23 
245 1 0 |a Climate Change Adaptation, Resilience and Hazards  |h [electronic resource] /  |c edited by Walter Leal Filho, Haruna Musa, Gina Cavan, Paul O'Hare, Julia Seixas. 
264 1 |a Cham :  |b Springer International Publishing :  |b Imprint: Springer,  |c 2016. 
300 |a IX, 459 p. 65 illus., 49 illus. in color.  |b online resource. 
336 |a text  |b txt  |2 rdacontent 
337 |a computer  |b c  |2 rdamedia 
338 |a online resource  |b cr  |2 rdacarrier 
347 |a text file  |b PDF  |2 rda 
490 1 |a Climate Change Management,  |x 1610-2010 
505 0 |a Preface -- Part I: Climate Change Adaptation Practices -- Part II: Fostering Resilience and Handling Hazards. 
520 |a This book analyses the links between climate change adaptation, resilience and the impacts of hazards. The contributors cover topics such as climate change adaptation in coastal zones, the evaluation of community land models, climate change considerations in public health and water resource management, as well as conceptual frameworks for understanding vulnerabilities to extreme climate events. The book focuses on a variety of concrete projects, initiatives and strategies currently being implemented across the world. It also presents case studies, trends, data and projects that illustrate how cities, communities and regions have been striving to achieve resilience and have handled hazards. 
650 0 |a Climate change. 
650 0 |a Natural disasters. 
650 0 |a Environmental economics. 
650 1 4 |a Economics. 
650 2 4 |a Environmental Economics. 
650 2 4 |a Climate Change/Climate Change Impacts. 
650 2 4 |a Climate Change. 
650 2 4 |a Climate Change Management and Policy. 
650 2 4 |a Natural Hazards. 
700 1 |a Leal Filho, Walter.  |e editor. 
700 1 |a Musa, Haruna.  |e editor. 
700 1 |a Cavan, Gina.  |e editor. 
700 1 |a O'Hare, Paul.  |e editor. 
700 1 |a Seixas, Julia.  |e editor. 
710 2 |a SpringerLink (Online service) 
773 0 |t Springer eBooks 
776 0 8 |i Printed edition:  |z 9783319398792 
830 0 |a Climate Change Management,  |x 1610-2010 
856 4 0 |u http://dx.doi.org/10.1007/978-3-319-39880-8  |z Full Text via HEAL-Link 
912 |a ZDB-2-ECF 
950 |a Economics and Finance (Springer-41170)